000
00330nam a2200157Ia 4500
100
_a
Wysocki/Robert
250
_a
2
942
_c
BK
654
_a
project Management
245
_a
Effective project Management
260
_b
Wiley
_a
New york
_c
2000
082
_a
5.15
_b
WYS
300
_a
359
546
_a
ENGLISH
999
_c
29955
_d
29955